00301nam a2200121Ia 4500008004100000100002600041245003700067260003300104300000800137650001000145942000700155999001700162190216s9999||||xx |||||||||||||| ||und|| aPavithra Kumar Sharma 0aHindi-Jeevan Me Ananth Kaise Aye bKrishna Sahithya Sadanc2008 a232 aHindi cBK c16571d16571